Rakúske skúsenosti so vstupom do Európskej únie

Skúsenosti Rakúskej národnej banky so vstupom do Európske únie a Európskej menovej únie. Hlavné oblasti prípravných prác: euro a menová politika, režim výmenných kurzov, liberalizácia pohybu kapitálu, reforma finančného sektora, menová legislatíva, štatistické otázky, platobné systémy. Hlavné libera...

Ausführliche Beschreibung

Gespeichert in:
Bibliographische Detailangaben
1. Verfasser: Nauschnigg, Franz
Format: Buchkapitel
Sprache:Slowakisch
Schlagworte:
Tags: Tag hinzufügen
Keine Tags, Fügen Sie das erste Tag hinzu!

MARC

LEADER 00000naa a2200000 4500
001 r042348
005 20220729103925.0
041 0 |a slo 
044 |a SK 
245 1 0 |a Rakúske skúsenosti so vstupom do Európskej únie  |c Franz Nauschnigg 
520 |a Skúsenosti Rakúskej národnej banky so vstupom do Európske únie a Európskej menovej únie. Hlavné oblasti prípravných prác: euro a menová politika, režim výmenných kurzov, liberalizácia pohybu kapitálu, reforma finančného sektora, menová legislatíva, štatistické otázky, platobné systémy. Hlavné liberalizačné opatrenia Rakúskej národnej banky v rokoch 1986-1995. 
610 2 0 |a Európska únia 
610 2 0 |a Rakúsko 
610 2 0 |a politika menová 
610 2 0 |a kurz výmenný 
610 2 0 |a pohyb kapitálu 
610 2 0 |a liberalizácia 
610 2 0 |a trh finančný medzinárodný 
610 2 0 |a systémy platobné 
610 2 0 |a Európska menová únia 
610 2 0 |a Rakúska národná banka 
100 1 |a Nauschnigg, Franz